Decision theory and real estate investment (Record no. 51028)
[ view plain ]
| 000 -LEADER | |
|---|---|
| fixed length control field | 00967cab a2200265 4500 |
| 001 - CONTROL NUMBER | |
| control field | X80998 |
| 008 - FIXED-LENGTH DATA ELEMENTS--GENERAL INFORMATION | |
| fixed length control field | 090401t1997 xxu||||| |||| 00| 0 eng d |
| 035 ## - SYSTEM CONTROL NUMBER | |
| System control number | (Sirsi) u80998 |
| 041 ## - LANGUAGE CODE | |
| Language code of text/sound track or separate title | eng |
| 100 ## - MAIN ENTRY--PERSONAL NAME | |
| Personal name | French, N. |
| 245 ## - TITLE STATEMENT | |
| Title | Decision theory and real estate investment |
| 260 ## - PUBLICATION, DISTRIBUTION, ETC. | |
| Date of publication, distribution, etc. | 1997 |
| 350 ## - PRICE (NR) (BK AM CF MU VM SE) [OBSOLETE] | |
| Price | 0 |
| 490 ## - SERIES STATEMENT | |
| Series statement | Journal of Property Valuation and Investment |
| Volume/sequential designation | 15(3) 1997, 226-232(7) |
| 520 ## - SUMMARY, ETC. | |
| Summary, etc. | Explains that the focus of decision theory is on the mathematical models, yet, much of decision theory does not lie entirely within any one discipline, it draws on psychology, economics, mathematocs, statistics, social sciences and many other areas of study. References. |
| 650 ## - SUBJECT ADDED ENTRY--TOPICAL TERM | |
| Topical term or geographic name entry element | DECISION MAKING |
| 650 ## - SUBJECT ADDED ENTRY--TOPICAL TERM | |
| Topical term or geographic name entry element | DECISION MODELS |
| 650 ## - SUBJECT ADDED ENTRY--TOPICAL TERM | |
| Topical term or geographic name entry element | DECISION THEORY |
| 650 ## - SUBJECT ADDED ENTRY--TOPICAL TERM | |
| Topical term or geographic name entry element | PROPERTY INVESTMENT |
| 650 ## - SUBJECT ADDED ENTRY--TOPICAL TERM | |
| Topical term or geographic name entry element | RISK ASSESSMENT |
| 690 ## - LOCAL SUBJECT ADDED ENTRY--TOPICAL TERM (OCLC, RLIN) | |
| Topical term or geographic name as entry element | PROPERTY-PROPERTY FINANCE AND INVESTMENT |
| 700 ## - ADDED ENTRY--PERSONAL NAME | |
| Personal name | French, S |
| 942 ## - ADDED ENTRY ELEMENTS (KOHA) | |
| Suppress in OPAC | 0 |
| 948 ## - LOCAL PROCESSING INFORMATION (OCLC); SERIES PART DESIGNATOR (RLIN) | |
| c (OCLC) | 22/09/1997 |
| Withdrawn status | Lost status | Source of classification or shelving scheme | Damaged status | Not for loan | Home library | Current library | Shelving location | Date acquired | Total Checkouts | Full call number | Barcode | Date last seen | Copy number | Price effective from | Koha item type |
|---|---|---|---|---|---|---|---|---|---|---|---|---|---|---|---|
| Other/Generic Classification Scheme | London | London | Journal article | 14/09/1999 | X80998 | 80998-1001 | 06/08/2019 | 1 | 06/08/2019 | Journal article |